• 首页
  • 本馆介绍
  • 公告通知
  • 最新文献
  • 馆藏检索
  • 电子资源
  • 读者导购
  • 参考咨询
  • 我的图书馆
  • 登录
  • 详细信息显示
  • 放入我的书架
  • 预约/预借图书
  • 作者相关作品
  • 分类相关作品
  • 丛书相关作品
  • 出版社相关作品

书目信息

  • 表格格式
  • 工作单格式
  • 卡片格式
书名: Atlas of descriptive embryology
作者: Willis W. Mathews, Gary C. Schoenwolf.
分册号:
分册名:
出版地: Upper Saddle River, NJ :
 
出版社: Prentice-Hall
出版时间: c1998.
页数: v, 266 p. :
开本: 28 cm.
丛书名:
中图分类号:
科图分类号:
其他分类号: Q132
主题词:
电子资源:
000 01006nam a2200313 a 450
001 E0760822229
005 20070415173247.46
008 980213s1998 njua 001 0 eng
010    @a98115859
020    @a013593740X.
035    @A(DLC) 98115859
040    @aDLC@cDLC
050 04 @aQL956@b.M38 1998
082 00 @a571.8/61@2 21
090    @aQ132
099    @dQ132@ex32=5
100 1  @aMathews, Willis W.
245 10 @aAtlas of descriptive embryology / @cWillis W. Mathews, Gary C. Schoenwolf.
246 30 @aDescriptive embryology
250    @a5th ed.
260    @aUpper Saddle River, NJ :@bPrentice-Hall,@cc1998.
300    @av, 266 p. :@bill. ;@c28 cm.
500    @aIncludes index.
650  0 @aEmbryology@xAtlases.
700 1  @aSchoenwolf, Gary C.
906    @a7@bcbc@corignew@d3@encip@f19@gy-gencatlg
922    @aco
955    @apb07 02-13-98 to cat.; jb00 02-18-98; jb11 02-27-98; jb08 04-01-98; je10 04-08-98
991    @bc-GenColl@hQL956@i.M38 1998@p00053333461@tCopy 1@wBOOKS
    
    Atlas of descriptive embryology / / Willis W. Mathews, Gary C. Schoenwolf.-5th ed.-Upper Saddle River, NJ : : Prentice-Hall, , c1998.
    v, 266 p. : : ill. ; ; 28 cm.
    Includes index.
    
    ISBN 013593740X.
    
●
相关链接 在E读中查询图书 在五车中查询图书 在当当中查询图书 在豆瓣中查询图书


正题名:Atlas of descriptive embryology     索取号:Q132/x32=5         预约/预借

序号 登录号 条形码 馆藏地/架位号 状态 备注
1 0003990   300039900   第二样本阅览室/ [索取号:Q132/x32=5] 在馆    
唐山师范学院图书馆 欢迎您!
大连网信软件有限公司© 版权所有